[Event "Corus-B"]
[Site "Wijk aan Zee"]
[Date "2003.01.16"]
[Round "5"]
[White "Zhang, Zhong"]
[Black "Koneru, Humpy"]
[Result "1-0"]
[WhiteElo "2624"]
[BlackElo "2496"]
[Annotator "Lukacs,P"]
[PlyCount "189"]
[EventDate "2003.01.14"]
[EventType "tourn"]
[EventRounds "13"]
[EventCountry "NED"]
[EventCategory "13"]
[SourceTitle "CBM 093"]
[Source "ChessBase"]
[SourceDate "2003.04.01"]
[SourceVersion "1"]
[SourceVersionDate "2003.04.01"]
[SourceQuality "1"]

1. e4 e5 2. d4 exd4 3. Qxd4 Nc6 4. Qe3 Nf6 5. Nc3 Bb4 6. Bd2 O-O 7. O-O-O Re8
8. Qg3 Rxe4 9. a3 Bd6 (9... Bxc3 $6 {helps only for White to clarify the
situation.} 10. Bxc3 {^^} d5 (10... d6 11. f3 $44) 11. f3 Re6 12. Ne2 d4 {
Black gives back the P, but White's ^^ is of great importance anyway.} (12...
Rd6 13. Nd4 Nxd4 14. Bxd4 $44) 13. Nxd4 Rd6 14. Qh4 Be6 15. Be2 Nd5 16. Qxd8+
Raxd8 17. Nxe6 Rxe6 18. Bc4 Red6 19. Bd2 $14 {J.Polgar-Hort, Wom-Vet 1995}) (
9... Ba5 {- Smirnov-Kaiumov, Alushta Autumn 2002 CBM 92}) (9... Rg4 $5 10. Qf3
$5 (10. Qe3 Ba5 (10... Bf8 $6 {is too passive:} 11. h3 Rg6 12. Bd3 Rxg2 13.
Nge2 $1 {/\ Nf4} d6 14. Nf4 Rg5 15. Ne6 $1 $16 {Xie Jun-Flear, Hastings 1996
CBM 57}) (10... Bd6 $5 {deserves attention.} 11. f3 Rh4 12. g4 Rxh2 {otherwise
thr R is trapped.} 13. Rxh2 Bxh2 14. g5 Nh5 15. Re1 Ne5 16. Qd4 d6 17. Qh4 Bxg1
18. Qxh5 Bf5 19. f4 {(Degraeve-Gyimesi, Groningen op 1995)} Bf2 $1 20. fxe5
Bxe1 21. Bxe1 Bg6 $15) 11. f3 (11. h3 Rd4 12. Nf3 Bxc3 13. Qxc3 Re4 14. Bd3 Re8
15. Bg5 d5 16. Rhe1 Rxe1 17. Rxe1 Be6 18. Qd2 Rc8 19. Qf4 Qd6 20. Qh4 Ne4 {
1/2:1/2 Kulaots-G.Timoshenko, Chemnitz 1997}) 11... Rg6 {The R can become a
target here.} (11... Rd4 $5) 12. h4 (12. Bd3 Rxg2 13. Nge2 d5) (12. g4 d5)
12... Bb6 13. Qe1 d6 14. h5 Nxh5 15. Rxh5 Bxg1 16. Bd3 {(Shabalov-Comp
Socrates 4 Boston 1994)} Bd4 17. Bxg6 fxg6 $44 {and Black has a strong ^^ and
two pawns for the exchange, P.Blatny.}) (10. Qh3 Bxc3 (10... Ba5 {- 9...Ba5})
11. Bxc3 d5 (11... d6) 12. Bd3 Rc4 13. Qg3 Rxc3 {This exchange sacrifice looks
rather promising.} 14. bxc3 Qe7 $44) 10... Bf8 11. h3 Rd4 12. g4 b6 13. Nb5 {
(Melgosa-Castro Rojas, Barranquilla Carnaval Cup 10.th 1999)} Bb7 $5 {Another
exchange sacrifice...} 14. Nxd4 Na5 15. Qf5 (15. Qf4 Bd6) 15... Be4 (15... Bxh1
16. g5) 16. Qg5 Bxh1 17. Nf5 (17. f3 h6 18. Qe3 Qe8) 17... g6 $13) 10. f4 (10.
Qh3 Re8 11. Nf3 (11. g4 Bf8 {/\ d5} 12. Qg3 d5 13. g5 Bd6 14. Qg2 Ne4 $17 {
(Paragua-Bhat, San Francisco 1999)}) 11... Be7 {This is the caotious reply
avoiding the pin.} (11... Bf8 $6 12. Bg5 h6 13. Nd5 $1 hxg5 14. Nxg5 $36 {
Grabarczyk-Janocha, Krynica 1997}) 12. Bd3 d5 $15) 10... Re8 11. Nf3 (11. Bd3
Bf8 (11... Bc5 12. Nf3) 12. Nf3 d5 {White's real problem is that he has no [+].
} (12... d6 13. Rde1 (13. Ng5 $6 {is met by the counterblow in the [+]:} Nd4
14. Rhe1 Bf5 15. Bxf5 Nxf5 16. Qh3 Nh6 17. Nce4 Nxe4 18. Nxe4 Qc8 19. f5 $5
Qxf5 20. Bxh6 Qxh3 21. gxh3 f5 $1 $17 {Bou Part-Van Riemsdijk, Terrasa op 1999}
) 13... Rxe1+ (13... Bd7 14. f5 Ne5 15. Nxe5 dxe5 16. Rxe5 Rxe5 17. Qxe5 Bd6
18. Qd4 Bc6 $11 {Balzar-Latzke, BL-2 2001}) 14. Rxe1 $44) 13. Rhe1 Rxe1 14.
Rxe1 Ne7 15. Nh4 c5 16. b3 c4 $1 $17 {Varavin-Isaev, Moscow Aeroflot op 2002})
11... Nh5 $5 (11... a6 $6 {is too slow, therefore out of question.} 12. Bd3 b5
13. Rhe1 Bb7 14. Ne4 Nxe4 15. Bxe4 Qf6 16. Ng5 g6 17. Bd5 $16 {
Paragua-Skembris, Torino Scaccomatto op 2000}) (11... Bf8 12. Bd3 {- 11.Bd3}) (
11... Bc5 $142 {is the most active reply} 12. Bd3 d6 (12... d5 13. Rhe1 Rxe1
14. Rxe1 Ne7 15. Nh4 Ng6 16. Nf3 Ne7 17. Ne5 (17. Nh4 {is repetition of moves.}
) 17... Bf5 (17... Nf5 18. Qf3 Nd4 19. Qf1 Bf5 20. Bxf5 Nxf5 21. Qd3 {and the
pawns on the >> will advance.}) 18. Bxf5 Nxf5 19. Qd3 Ne7 20. g4 c6 21. g5 {
(Shabalov-A.Ivanov, USA-ch 1994 CBM 44)} Ne4 22. Nxe4 dxe4 23. Qxe4 Qd5 24. Nd3
Qxe4 25. Rxe4 $14 {P.Blatny}) 13. f5 $5 (13. Rde1 Rxe1+ 14. Rxe1 Ne7 {
(Dubinski-Hait, Russia 1997)} 15. Nh4 Bd7 $15 {Byrne})) 12. Qg4 Nf6 13. Qh3 (
13. Qg3 Nh5 $11 {is a repetition of moves again.}) 13... Bf8 (13... Bc5 $5 14.
g4 d5 15. f5 d4 (15... Ne4 16. Nxe4 dxe4 17. Ng5 h6 18. Nxf7 Kxf7 19. Bc4+ Kf8
20. Bxh6 Qf6 21. Bf4 $44) 16. Bg5 h6 17. Bh4 {with a rather messy position.})
14. g4 d5 {Black has to create counterchances in the [+] against White's -> on
the >>.} 15. f5 d4 {[#]} 16. Bc4 $5 {This is a very nice positional piece
sacrifice in the spirit of the " good old days".} (16. Bg5 h6 17. Bh4 $13 {
was a more quiet alternative.}) 16... dxc3 17. Bxc3 Bd6 (17... Qe7 18. Rhe1 $18
) 18. g5 $1 {[#]} (18. Ng5 $2 {founders on the counter-sacrifice after} Bf4+
19. Kb1 Bxg5 $19) 18... Bxf5 $1 (18... Ne4 {is met by the brilliant} 19. Bxg7
$3 Kxg7 (19... Nf2 20. Qh5 Kxg7 (20... Qe7 21. Bf6 $18) 21. Qxf7+ Kh8 22. g6
$18 {and the mate is inevitable.}) 20. Qh6+ Kh8 (20... Kg8 21. g6 $18) 21. g6
fxg6 22. fxg6 Bf4+ 23. Qxf4 Qf6 24. g7+ $1 Qxg7 (24... Kxg7 25. Rhg1+ Kh8 26.
Qxe4 $1 $16) 25. Rhe1 $16) (18... Re3 19. Bxf6 gxf6 20. g6 hxg6 21. Qh6 $16)
19. Qxf5 Qd7 20. Nh4 Qxf5 21. Nxf5 Bf4+ (21... Ne4 22. Bxg7 Bf4+ 23. Kb1 {
- 21...Bf4}) 22. Kb1 Ne4 $1 (22... Bxg5 23. Rhg1 Ne4 24. Bxg7 Ne7 25. Nxe7+
Kxg7 26. Nd5 $16) 23. Rdf1 $6 (23. Bxg7 $142 {was the best solution.} Nd2+ $1 (
23... Bxg5 24. Rhg1 $44) (23... Rad8 24. Rxd8 Nxd8 (24... Rxd8 25. Ka2 Bxg5 26.
Rg1 $44) 25. Bd3 Nxg5 26. Rg1 Nde6 27. Bf6 $44) 24. Rxd2 Bxd2 25. Bf6 Ne5 26.
Bd5 (26. Bb3 Ng4 $132) 26... c6 27. Bb3 $44 {and White has very good tactical
chances for the sacrificed exchange.}) 23... Nxc3+ (23... Bxg5 24. Rhg1 Ne5 $1
$17 (24... Nxc3+ 25. bxc3 {- 23..Nc3})) 24. bxc3 Bxg5 ({missing the simple} 
24... Bd2 $1 $17) 25. Rhg1 Ne5 $2 {Black has lost her faith in the position.} (
{Still} 25... h6 $1 26. h4 Ne5 $17 {was good for Black.}) 26. Rxg5 Nxc4 27.
Rxg7+ Kh8 (27... Kf8 28. Rxh7) 28. Rf4 Re4 29. Rxe4 Nd2+ 30. Kb2 Nxe4 31. Rxf7
$16 {Now White wins a P in the _|_ and the penetration on the seventh rank is
lethal.} h5 32. Rxc7 Rf8 33. Ne7 Rf2 34. h4 Nd6 35. Rc5 Kg7 36. Rxh5 {White is
alrady two pawns up, but he has technical problems.} Nc4+ 37. Kb3 Nd2+ 38. Ka2
Ne4 39. Kb2 Rh2 40. c4 Nd6 41. c5 Nc4+ 42. Kb3 Nd2+ 43. Kb4 Nb1 44. Kb3 Rh3+
45. c3 Nxc3 46. Kc4 {White had to give back one P, but all of his pieces will
be active again.} Ne4 47. a4 Rh1 48. Kd4 Nf6 49. Nf5+ Kf7 50. Nd6+ Ke7 51. Re5+
Kd7 52. Nf5 {securing the o^ and freeing the R.} Rd1+ 53. Kc3 Kc7 54. Nd4 Nd7
55. Rd5 Rc1+ 56. Kb2 Rh1 57. h5 a6 58. Ne6+ Kc8 59. Kc3 Re1 60. Nf4 Rc1+ 61.
Kd4 Ra1 62. Rf5 Rxa4+ 63. Kd5 {White gave back his P, but the o^ is too strong,
Black has to sacrifice her N for it.} Ra1 64. h6 Rh1 65. Nh5 Nf6+ 66. Nxf6 Rxh6
67. Ne4 $18 Rh7 68. Rf8+ Kc7 69. Nf6 Rh1 70. Rf7+ Kb8 71. Nd7+ Ka7 72. Ne5 Rd1+
73. Ke6 Kb8 74. Nc4 Rc1 75. Nb6 Re1+ 76. Kd6 Rd1+ 77. Ke5 Re1+ 78. Kd4 Rd1+ 79.
Kc3 Rd8 80. Kb4 Rh8 81. Rg7 Rh4+ 82. Ka5 Rh8 83. Nd5 Rc8 84. Kb4 Rh8 85. Rf7
Rd8 86. Nb6 Rh8 87. Ka5 Rg8 88. Nc4 Rc8 89. Kb4 Rc7 90. Rf8+ Rc8 91. Rxc8+ Kxc8
92. Ka5 Kc7 93. Ne5 Kc8 94. Kb6 Kb8 95. Nc4 1-0

[Event "DEN-ch"]
[Site "Denmark"]
[Date "1996.??.??"]
[Round "4"]
[White "Borge, Nikolaj"]
[Black "Hansen, Lars Bo"]
[Result "0-1"]
[WhiteElo "2455"]
[BlackElo "2565"]
[Annotator "Petursson,M"]
[PlyCount "78"]
[EventDate "1996.??.??"]
[EventType "tourn"]
[EventRounds "9"]
[EventCountry "DEN"]
[EventCategory "9"]
[SourceTitle "CBM 053"]
[Source "ChessBase"]
[SourceDate "1996.08.01"]
[SourceVersion "1"]
[SourceVersionDate "1996.08.01"]
[SourceQuality "1"]

1. e4 e5 2. d4 exd4 3. Qxd4 Nc6 4. Qe3 Nf6 5. Bd2 Be7 6. Nc3 O-O 7. Bc4 d6 8.
O-O-O Be6 9. Bxe6 fxe6 10. Qh3 Qc8 11. Nge2 b5 12. Ng3 Ne5 13. Be1 Kh8 14. Nce2
c5 15. Nf4 Nfg4 16. Nge2 b4 17. Qb3 Bg5 18. Qg3 Bh6 19. Kb1 Nf6 20. f3 Nc4 21.
b3 Na3+ 22. Kb2 a5 23. c4 bxc3+ $1 24. Kxa3 (24. Nxc3 a4 25. Kxa3 axb3+ 26.
Kxb3 Qb7+ 27. Kc2 Rfb8 $40) 24... c2 25. Rc1 e5 26. Nd5 Nxd5 27. exd5 a4 28. b4
Bxc1+ 29. Nxc1 cxb4+ 30. Bxb4 Rf4 31. Qe1 Rd4 32. Qc3 Qxc3+ 33. Bxc3 Rd1 34.
Re1 Rb8 35. f4 Rb1 36. fxe5 Rxe1 37. exd6 Rexc1 38. d7 Rb8 39. Be5 Rd1 0-1

[Event "Moscow Aeroflot op-A"]
[Site "Moscow"]
[Date "2007.02.16"]
[Round "3"]
[White "Nepomniachtchi, Ian"]
[Black "Sargissian, Gabriel"]
[Result "0-1"]
[WhiteElo "2587"]
[BlackElo "2658"]
[Annotator "Reeh,O"]
[PlyCount "146"]
[EventDate "2007.02.14"]
[EventType "swiss"]
[EventRounds "9"]
[EventCountry "RUS"]
[SourceTitle "CBM 117"]
[Source "ChessBase"]
[SourceDate "2007.03.30"]
[SourceVersion "1"]
[SourceVersionDate "2007.03.30"]
[SourceQuality "1"]

1. e4 e5 2. d4 exd4 3. Qxd4 Nc6 4. Qe3 g6 5. Bd2 Bg7 6. Nc3 d6 7. O-O-O Nf6 8.
h4 Ne5 9. Nh3 O-O 10. Be2 h5 11. Ng5 c6 12. Qg3 b5 13. Bf4 Qe7 14. Rxd6 Qxd6
15. Bxe5 Qd8 16. Bc7 Qe8 17. Bd6 Ng4 18. f4 f6 19. Bxf8 Bxf8 20. Nh3 b4 21. Nd1
Qxe4 22. Bd3 Qe8 23. Re1 Qf7 24. b3 Kh8 25. Qf3 Bd7 26. Bc4 Qg7 27. Nb2 Re8 28.
Rxe8 Bxe8 29. Qe4 Qe7 30. Qxe7 Bxe7 31. Kd2 Bd7 32. Bd3 Kg7 33. Nd1 Bc5 34. Ke2
Bd6 35. Kf3 c5 36. Nhf2 f5 37. g3 Be7 38. Ke2 Bf6 39. Nxg4 hxg4 40. Ne3 Bc6 41.
h5 gxh5 42. Nxf5+ Kf7 43. Bc4+ Kf8 44. Ke3 a5 45. Bd3 a4 46. Be4 Bd7 47. Kd3
Bb5+ 48. Ke3 a3 49. Bd5 Bc3 50. Kf2 Bd7 51. Nd6 Ke7 52. Ne4 Bd4+ 53. Ke2 Bf5
54. Kf1 Kf8 55. Kg2 Kg7 56. Kh2 Bg6 57. Kg2 Kh6 58. Kh2 Be3 59. Kg2 Bf5 60. Kh2
h4 61. Kg2 h3+ 62. Kh2 Kg7 63. c4 Kf8 64. Kh1 Ke7 {Black has a protected
passed pawn on h3 and two powerful bishops - but how is he to penetrate
White's fortress? Schwarz hat einen gedeckten Freibauern auf h3 und ein
mächtiges Läuferpaar - aber wie soll er die weiße Stellung knacken?} 65. Kh2
Bd7 $1 {Preparing a classical winning motif. Bereitet ein klassisches
Gewinnmotiv vor.} ({After Nach} 65... Be6 $2 66. Bxe6 Kxe6 67. Kh1 {Black
can't make progress, since kommt Schwarz nicht weiter, denn auf} Kf5 {is
always answered by folgt immer} 68. Nd6+ {driving back the king. und der König
muss zurück.}) 66. Bg8 {[%tqu "En","Black to play and win!","Black needs a
passed pawn on the queenside.","","d7a4","Very strong!  After the forced
capture on a4 (otherwise simply Bxb3), Black's b-pawn advances - and the
a-pawn will become the hero!",10,"De","Schwarz zieht und gewinnt!","Schwarz
braucht einen Freibauern am Damenflügel.","","d7a4","Bärenstark!  Nach dem
erzwungenden Schlagen auf (sonst folgt einfach Lxb3), rückt der schwarze
b-Bauer vor - und der a-Bauer wird zum Helden!",10]} Ba4 $1 {Using the fact
that the White's light-squared bishop is IN FRONT OF his pawn chain! Nutzt die
Tatsache, dass der weißfeldrige Läufer des Anziehenden sich VOR seiner
Bauernkette befindet!} 67. bxa4 {[%tqu "En","","","","b4b3","Sure!",10]} b3 $1
68. Nc3 {The only move. Der einzige Zug.} (68. axb3 a2) {[%tqu "En","Has White
found a defence?","White's knight must protect the pawn a2, so...","","e3d2",
"Winning the knight.",10,"De","Hat Weiß noch eine Verteidigung gefunden?","Der
weiße Springer muss den Bauern a2 decken, also...","","e3d2","Gewinnt den
Springer.",10]} 68... Bd2 $1 {Winning the knight. Gewinnt den Springer.} 69. a5
({Also hopeless is Hoffnungslos ist auch} 69. Bh7 Bxc3 70. Bb1 b2 {: Black's
king simply walks to the queenside and takes the c4-pawn, followed by a
decisive advance of the c5-pawn. : Der schwarze Köng läuft einfach zum
Damenflügel und holt den c4 Bauern ab, wonach der c5 Bauer entscheidend
vorstößt.}) (69. Nb1 {fails simply to scheitert ja einfach an} bxa2) (69. Nd5+
Kd6 {and the a-pawn queens. und der a-Bauer geht durch.}) 69... Bxc3 70. a6 {
This passed pawn will come too late. Dieser Freibauer kommt zu spät.} bxa2 ({
Of course not Natürlich nicht} 70... b2 $4 71. Bh7 $18 {- bishops are
long-range pieces! - Läufer sind weitreichende Figuren!}) 71. a7 a1=Q 72. a8=Q
Qb2+ 73. Kh1 Qg2+ $1 {And the second a-pawn decides! Und der zweite a-Bauer
entscheidet!} 0-1

[Event "Peer Gynt"]
[Site "Gausdal"]
[Date "1995.??.??"]
[Round "1"]
[White "Thorhallsson, Throstur"]
[Black "Nielsen, Peter Heine"]
[Result "1-0"]
[WhiteElo "2420"]
[BlackElo "2500"]
[Annotator "Tisdall,J"]
[PlyCount "47"]
[EventDate "1995.07.??"]
[EventType "swiss"]
[EventRounds "9"]
[EventCountry "NOR"]
[SourceTitle "EXT 1997"]
[Source "ChessBase"]
[SourceDate "1996.11.15"]
[SourceVersion "1"]
[SourceVersionDate "1996.11.15"]
[SourceQuality "1"]

{Throstur Thorhallsson is a fist-swinging type that can be terribly dangerous
when he builds up some momentum. This was the ideal way to start a tournament,
against a player notoriously tough to beat.} 1. e4 e5 2. d4 {Fashion is a
strange thing - it seems that if you defend against 1.e4 with 1...e5, then the
Evans Gambit is about the most modern opening you must face nowadays.} exd4 3.
Qxd4 Nc6 4. Qe3 Nf6 5. Bd2 {Designed to avoid the lines with ...Bb4. Even
though black seems to win a pawn in several ways in that line, it is white's
most popular choice.} Be7 6. Nc3 d5 7. exd5 Nxd5 8. Qg3 Nxc3 9. Bxc3 Bf6 10.
Bxf6 Qxf6 11. O-O-O O-O 12. Nf3 Bf5 13. Qf4 Rad8 $5 {An apparently innocent
deviation from the 1994 PCA candidates match Adams-Anand, which continued} (
13... Rae8 14. Bd3 Bxd3 15. Qxf6 gxf6 16. Rxd3 Re2 17. Rd2 Rxd2 18. Kxd2 Rd8+
19. Kc3 {1/2-1/2 and white had a tiny advantage.}) 14. Bb5 $1 {with black's
rook not threatening to invade, white has more leeway to seek structural
destruction.} Be6 $2 (14... Ne7 $5 15. Nd4 (15. Rxd8 Rxd8 16. Qxc7 $2 Rc8 17.
Rd1 Ng6) 15... c6 16. Bc4 {looks slightly better for white, but I would
greatly prefer to avoid the damage that occurs in the game.}) 15. Qxf6 gxf6 16.
Bxc6 bxc6 17. Nd4 Rd6 18. b3 f5 19. Rhe1 Bd7 20. Re5 {Black's position is
clearly a wreck.} Rd8 21. Rd3 Rd5 22. Rxd5 cxd5 23. Rc3 Rc8 24. Nc6 {and black
resigned, prematurely, but understandably, in disgust.} 1-0